000 00527nam a2200169 a 4500
001 000042595
005 20201002040248.0
008 140130s1972 dr ab 000 0 spa d
040 _aDO-SdBNP
_bspa
_cBNPHU
082 _axxxx
_bxxxx
100 1 _aGómez Franco, Harlem
_969844
245 1 0 _aLengua y cultura /
_cHarlem Gómez Franco.
250 _a4ta ed.
260 _aSanto Domingo :
_bEdiciones O&M,
_c1972.
300 _a206 p. :
_bil., mapas ;
_c21 cm.
710 2 2 _aUniversidad Dominicana (O&M), República Dominicana
_969845
999 _c42084
_d42084